000 02704nam0a2200409 4500
001 RU\NLR\BIBL_A\022140611
005 20240719144648.0
010 _a978-5-398-02764-8
_935
021 _aRU
_bКН-П-24-000352
_9КН-П-24-0030
035 _a(NLR Aleph) 022140611
035 _a(RuMoRGB)012445631
090 _a12864179
_c12864179
100 _a20240216d2024 u y0rusy50 ca
101 0 _arus
102 _aRU
105 _aa j 000yy
181 0 _ai3
_baxxe
182 0 _an
200 1 _aИнженерно-геологическое обеспечение дорожных работ
_eучебно-методическое пособие
_eдля студентов вузов, огбучающихся по строительным специальностям
_fА. М. Бургонутдинов, А. О. Добрынин, А. С. Сергеев
_gМинистерство науки и высшего образования Российской Федерации, Федеральное государственное бюджетное образовательное учреждение высшего образования "Пермский национальный исследовательский политехнический университет", Институт дорожного строительства и транспорта
203 _aТекст
_bвизуальный
_cнепосредственный
210 _aПермь
_cИзд-во Пермского национального исследовательского политехнического университета
_d2024
215 _a74 с.
_cил., табл.
_d21
320 _aБиблиогр.: с. 61 (10 назв.)
333 _a16+
606 1 _aАвтомобильные дороги
_jУчебные издания для высших учебных заведений
_xИнженерно-геологические изыскания
_9891707
_3RU\NLR\AUTH\662298
675 _a625.7/.8:624.131(076)
_v4
686 _a39.311я73
_2rubbks
686 1 _aО311-021.2я73-1
700 1 _aБургонутдинов
_bА. М.
_f1960-
_gАльберт Масугутович
701 1 _aДобрынин
_bА. О.
_gАнтон Олегович
701 1 _aСергеев
_bА. С.
_cканд. техн.наук, инж. геология
_gАндрей Сергеевич
_9175389
_3RU\NLR\AUTH\770175440
856 4 _qapplication/pdf
_s[76] с.
_uhttp://dlib.rsl.ru/rsl01012000000/rsl01012445000/rsl01012445631/rsl01012445631.pdf
_yЧитать
942 _cBOOK
980 _aNB